00323nam a2200109Ia 4500008004100000041000800041082001500049100001500064245004500079260005800124300003100182240624s9999 xx 000 0 und d aeng a616.85 MUR aMURRAY BOB aCREATING OPTIMISM A PROVEN 7 STEP PROGRA c2005aovercoming depressionNew DelhibTata McGrawhill axiv, : 241 : p. : cm. ; 23